Statistiques concernant Calogero - Un jour au mauvais endroit

Cliquez ici pour prendre le quiz!

Statistiques générales

  • Ce quiz a été pris 271 fois
  • Le résultat moyen est 172 sur 229

Statistiques - réponses

Réponse% Correct
à
99%
a
99%
ma
97%
Ma
97%
un
97%
Un
97%
en
95%
La
93%
93%
la
93%
Je
92%
je
92%
mauvais
92%
endroit
91%
jour
91%
Le
91%
le
91%
au
90%
Pour
90%
pour
90%
ça
89%
de
88%
mon
88%
c'est
87%
frère
84%
j'ai
84%
J'ai
84%
Les
84%
les
84%
moi
83%
ans
80%
plus
80%
vingt
80%
on
79%
On
79%
Qui
79%
vie
79%
dans
78%
Dans
78%
Et
78%
et
78%
m'appelle
78%
regard
78%
est
77%
pote
77%
Sofiane
77%
Grenoble
76%
pourquoi
75%
croix
73%
Kévin
73%
nos
72%
sud
72%
mort
71%
s'est
71%
Toi
71%
jamais
70%
suis
70%
cinémas
69%
cafés
68%
frères
68%
inséparables
68%
job
68%
pas
68%
arrêtée
67%
j'étais
67%
n'y
67%
simplement
67%
vis
67%
continue
66%
Dis-moi
66%
dis-moi
66%
retournerai
66%
sans
66%
du
64%
parc
63%
centre
62%
fin
62%
quartiers
61%
boxe
58%
soir
58%
des
57%
Des
57%
Échirolles
57%
mis
57%
guerre
56%
télé
56%
banlieue
55%
foot
55%
ou
54%
fort
53%
terrains
53%
raison
51%
jeunesse
50%
Villeneuve
50%
violence
50%
grands
49%
poignardé
49%
combat
48%
couteaux
48%
l'ennui
48%
eu
47%
L'abandon
47%
enfance
46%
étaient
46%
gamins
46%
ici
46%
là-bas
46%
mains
46%
parce
46%
qu'ils
45%
tort
45%
allées
44%
Maurice
43%
gosses
42%
perdu
40%
Qu'ailleurs
39%
sens
38%
brisée
37%
l'existence
37%
Non
29%
Thorez
23%

Distribution des résultats

Percentile par nombre de réponses

% des personnes avec chaque résultat

Votre développement - résultats

Vous n’avez pas pris ce quiz